Ocean circulation

Zapisane w:
Opis bibliograficzny
Korporacja: Open University Course Team (Autor)
Format: Książka
Język:angielski
Wydane: Oxford Pergamon 1989
Seria:Oceanography series, 3
Hasła przedmiotowe:
Etykiety: Dodaj etykietę
Nie ma etykietki, Dołącz pierwszą etykiete!

MARC

LEADER 00000nam a2200000 a 4500
001 UCV4951
003 CL-VaPUC
008 910927e19890000UK |||||||||||||||||eng|d
082 0 4 |a 551.4701  |b OPE  |2 21 
110 2 |a Open University Course Team  |e author  |9 299161 
245 1 0 |a Ocean circulation 
300 |a 238 p 
942 |c BK 
945 |d 19910927 00:00:00 
260 |a Oxford  |b Pergamon  |c 1989 
650 7 |a CIRCULACION OCEANICA  |2 CL-VaPUC  |9 261371 
650 0 |a Corrientes marinas  |9 261372 
583 |a last modification  |c 19910927 00:00:00  |k Rodrigo Vera 
490 0 |a Oceanography series, 3 
999 |c 211575  |d 211573 
952 |0 0  |1 0  |4 0  |6 551_470100000000000_OPE_1989  |7 0  |8 CCM  |9 191225  |a BIBCUR  |b BIBCUR  |d 2019-11-14  |i 2588471  |l 3  |o 551.4701 OPE 1989  |p 2588471  |r 2025-04-29  |s 2025-03-31  |w 2019-11-14  |y BK  |k CIM 
952 |0 0  |1 0  |2 ddc  |4 0  |6 551_470100000000000_OPE_1989  |7 0  |8 CCM  |9 191226  |a BIBCUR  |b BIBCUR  |c PAC  |d 2019-11-14  |i 258848K  |o 551.4701 OPE 1989  |p 258848K  |r 2025-04-22  |w 2019-11-14  |y BK  |k CIM